| 000 | 00684nam a2200217I 4500 | ||
|---|---|---|---|
| 008 | |||
| 049 | _aMAIN | ||
| 090 |
_aWA292 _bTAY |
||
| 100 | 1 | _aTaylor, Lord. | |
| 245 | 1 | 0 |
_aFirst aid in the factory and on the building site and farm, in the shop, office and warehouse/ _c Lord Taylor. |
| 260 |
_aLondon : _bLongmans, _c1960 |
||
| 300 |
_ax, 140 p. _bill. ; _c21 cm. |
||
| 504 | _aIncludes bibliographical references. | ||
| 650 | 0 | _aFirst aid in illness and injury. | |
| 700 | 1 | _aWright, Prudence D. | |
| 907 |
_a.b10291519 _b08-06-11 _c16-02-11 |
||
| 003 | |||
| 005 | 20230123125132.0 | ||
| 040 | _cNUST | ||
| 942 |
_cBOOKS _kWA292 _mTAY |
||
| 999 |
_c136317 _d136317 |
||